书目信息 |
| 题名: |
强国梦
|
|
| 作者: | 李炳银:周百义 主编 | |
| 分册: | ||
| 出版信息: | 武汉 长江文艺出版社 1998.10 |
|
| 页数: | 604页 | |
| 开本: | 32开 | |
| 丛书名: | ||
| 单 册: | ||
| 中图分类: | I25 | |
| 科图分类: | ||
| 主题词: | 报告文学--中国 , 传记文学--中国 | |
| 电子资源: | ||
| ISBN: | 7-5354-1717-5 | |
| 000 | 00588nam0 2200205 45 | |
| 001 | 0009051541 | |
| 005 | 20000905153845.1 | |
| 010 | @a7-5354-1717-5@d24.00元 | |
| 100 | @a20000905d1998 km y0chiy0120 ea | |
| 101 | 0 | @achi |
| 105 | @a z 000yy | |
| 200 | 1 | @a强国梦@AQiang Guo Meng@f李炳银:周百义主编@FLi Bing Yin:Zhou Bai Yi Zhu Bian |
| 210 | @a武汉@c长江文艺出版社@d1998.10 | |
| 215 | @a604页@d32开 | |
| 606 | 0 | @a报告文学@x中国 |
| 606 | 0 | @a传记文学@x中国 |
| 690 | @aI25@v3 | |
| 701 | 0 | @a李炳银:周百义@4主编 |
| 801 | @aCN@bPftUser@c20000905 | |
| 905 | @b120745-749@dI25@e907@f5 | |
| 强国梦/李炳银:周百义主编.-武汉:长江文艺出版社,1998.10 |
| 604页;32开 |
| ISBN 7-5354-1717-5:24.00元 |
| ● |
| 相关链接 |
|
|
|
正题名:强国梦
索取号:I25/907
 
预约/预借
| 序号 | 登录号 | 条形码 | 馆藏地/架位号 | 状态 | 备注 |
| 1 | 120745 | 201207452 | 文学库108/108文学库 65排8列4层/ [索取号:I25/907] | 在馆 | |
| 2 | 120746 | 201207461 | 文学库108/108文学库 65排8列4层/ [索取号:I25/907] | 在馆 | |
| 3 | 120747 | 201207470 | 社科二线400B/400B社科库 22排3列2层/ [索取号:I25/907] | 在馆 | |
| 4 | 120748 | 201207489 | 社科二线422/422社科库 29排3列2层/ [索取号:I25/907] | 在馆 | |
| 5 | 120749 | 201207498 | 社科二线400B/400B社科库 23排4列2层/ [索取号:I25/907] | 在馆 |